| 000 | 00981 a2200241 4500 | ||
|---|---|---|---|
| 003 | Nust | ||
| 005 | 20170207154012.0 | ||
| 020 | _a1-58053-295-0 ; | ||
| 040 | _cNust | ||
| 082 | 0 | _a005.8 | |
| 100 | 1 | _aLang, Ulrich | |
| 245 | 0 | 0 |
_aDeveloping secure distributed applications with CORBA (E-Book) _cUlrich Lang, Rudolf Schreiner |
| 260 |
_aBoston ; _aLondon : _bArtech House, _ccop. 2002 |
||
| 300 |
_axvii, 311s. : _bill. ; _c23 cm |
||
| 490 | 0 | _aArtech House computer security series | |
| 505 | _aIntroduction to CORBA (Page-1) The Security Basics (Page-37) The CORBA Security Architecture (Page-59) Getting Started with MICOSec (Page-129) Security Level 1 (Page-143) Security Level 2 (Page-173) Security-Unaware Functionality (Page-269) | ||
| 650 | 0 | _aComputer security | |
| 650 | 0 | _aCORBA (Computer architecture) | |
| 650 | 0 |
_aDistributed databases _xSecurity measures |
|
| 650 | 0 | _aDistributed operating systems (Computers) | |
| 651 | _aE-Book | ||
| 700 | 1 | _aSchreiner, Rudolf | |
| 942 |
_2ddc _cBK |
||
| 999 |
_c191238 _d191238 |
||